[Event "USA-ch01 prel 05 corr"]
[Site "USA"]
[Date "1972.??.??"]
[Round "?"]
[White "Honn, Jerry E"]
[Black "Hummel, Earle"]
[Result "1-0"]
[WhiteElo "2031"]
[BlackElo "2208"]
[PlyCount "95"]
[EventDate "1972.??.??"]
[EventType "tourn (corr)"]
[EventRounds "14"]
[EventCountry "USA"]
[SourceTitle "Corr 2006"]
[Source "ChessBase"]
[SourceDate "2006.04.01"]
[SourceVersion "3"]
[SourceVersionDate "2006.04.01"]
[SourceQuality "1"]

1. Nf3 d5 2. g3 Nc6 3. d4 Bf5 4. Bg2 e6 5. c3 Be7 6. 0-0 Nf6 7. Nbd2 Qd6 8. Re1 0-0-0 9. Ng5 Bg6 10. e4 dxe4 11. Ngxe4 Nxe4 12. Nxe4 Qd7 13. Qa4 a6 14. b4 Ne5 15. Qxd7+ Nxd7 16. Nc5 c6 17. Bf4 Nb6 18. a4 h6 19. Nxe6 fxe6 20. Rxe6 Bf6 21. Bh3 Nd7 22. b5 Bf7 23. Rxf6 gxf6 24. bxa6 b6 25. Rb1 Rde8 26. Rxb6 Kd8 27. Rb7 Re1+ 28. Kg2 Bd5+ 29. f3 Re2+ 30. Kg1 Bc4 31. Bxd7 Bxa6 32. Rb8+ Kxd7 33. Rxh8 Rc2 34. Rxh6 Ke7 35. Rh7+ Ke6 36. Rc7 Rxc3 37. h4 Be2 38. h5 Bxf3 39. h6 Rc2 40. a5 Kd5 41. a6 Kxd4 42. a7 c5 43. Rc8 Rg2+ 44. Kf1 Rh2 45. a8Q Bxa8 46. Rxa8 c4 47. Kg1 Rh5 48. Ra2 1-0